| 000 | 01257cam a22002894a 4500 | ||
|---|---|---|---|
| 999 |
_c129078 _d129078 |
||
| 001 | 13891781 | ||
| 003 | ARRUPE | ||
| 005 | 20190220114028.0 | ||
| 008 | 050307s2005 nyu b 001 0 eng | ||
| 010 | _a 2005006665 | ||
| 020 | _a0567029301 (pbk.) | ||
| 020 | _a0567029204 | ||
| 040 |
_aDLC _cDLC _dDLC |
||
| 042 | _apcc | ||
| 050 | 0 | 0 |
_aBT103 _b.G88 2005 |
| 082 | 0 | 0 |
_a231/.092 _222 |
| 100 | 1 |
_aGutenson, Charles E. _944824 |
|
| 245 | 1 | 0 |
_aReconsidering the doctrine of God / _cCharles E. Gutenson. |
| 260 |
_aNew York : _bT&T Clark International, _cc2005. |
||
| 300 |
_aviii, 260 p. ; _c23 cm. |
||
| 504 | _aIncludes bibliographical references (p. 245-251) and index. | ||
| 600 | 1 | 0 |
_aPannenberg, Wolfhart, _d1928-2014. _944825 |
| 650 | 0 |
_aGod (Christianity) _944826 |
|
| 856 | 4 | 2 |
_3Contributor biographical information _uhttp://www.loc.gov/catdir/enhancements/fy1115/2005006665-b.html |
| 856 | 4 | 2 |
_3Publisher description _uhttp://www.loc.gov/catdir/enhancements/fy1214/2005006665-d.html |
| 906 |
_a7 _bcbc _corignew _d1 _eecip _f20 _gy-gencatlg |
||
| 942 |
_2lcc _cMONOGRAPH |
||